Criminal Case: Save the World - Statistics

General Stats
  • This quiz has been taken 18 times
    17 since last reset
  • The average score is 124 of 388
Answer Stats
Case Status Answer % Correct
22. Bloodywood Quasi-Suspect Angela Douglas
88%
24. Insides Out Quasi-Suspect Angela Douglas
88%
28. Oh! Crazy Kill! Quasi-Suspect Angela Douglas
88%
42. In Plain Sight Killer Angela Douglas
88%
56. The Darkest Hour Suspect Angela Douglas
88%
7. Murder by Proxy Suspect Asal Hawaa
88%
10. I Spy a Mummy Suspect Asal Hawaa
88%
12. Die by the Sword Suspect Asal Hawaa
88%
15. O Deadly Night Killer Asal Hawaa
88%
17. Horseback Mountain Suspect Asal Hawaa
88%
33. The Sweet Escape Quasi-Suspect Asal Hawaa
88%
36. Out of the Blue Suspect Asal Hawaa
88%
46. Total Eclipse of the Heart Suspect Asal Hawaa
88%
54. Operation Spyfall Suspect Asal Hawaa
88%
55. Down to the Wire Suspect Asal Hawaa
88%
42. In Plain Sight Suspect Carmen Martinez
88%
4. Murder's Cheap Quasi-Suspect Elliot Clayton
88%
17. Horseback Mountain Quasi-Suspect Elliot Clayton
88%
38. The Circle of Death Quasi-Suspect Elliot Clayton
88%
42. In Plain Sight Suspect Elliot Clayton
88%
32. A Stab in the Dark Quasi-Suspect Jack Archer
88%
33. The Sweet Escape Quasi-Suspect Jack Archer
88%
42. In Plain Sight Suspect Jack Archer
88%
48. The King's Shadow Quasi-Suspect Jack Archer
88%
52. Double Trouble Quasi-Suspect Jack Archer
88%
7. Murder by Proxy Suspect Omar Bahir
88%
9. Killing Spring Suspect Omar Bahir
88%
12. Die by the Sword Killer Omar Bahir
88%
1. God Save the Prince Suspect Brother Klaus
75%
3. Auf Wieder-Slain Suspect Brother Klaus
75%
5. When Shadows Fall Killer Brother Klaus
75%
3. Auf Wieder-Slain Victim Hans Vogel
75%
2. Off with Their Heads Suspect Jacqueline Proust
75%
4. Murder's Cheap Suspect Jacqueline Proust
75%
5. When Shadows Fall Quasi-Suspect Jacqueline Proust
75%
6. The Impossible Dream Victim Jacqueline Proust
75%
3. Auf Wieder-Slain Killer Johan Schnee
75%
7. Murder by Proxy Suspect Jonah Karam
75%
8. Death in the Desert Suspect Jonah Karam
75%
10. I Spy a Mummy Quasi-Suspect Jonah Karam
75%
11. The Parting Shot Quasi-Suspect Jonah Karam
75%
12. Die by the Sword Suspect Jonah Karam
75%
31. Death Match Quasi-Suspect Jonah Karam
75%
32. A Stab in the Dark Quasi-Suspect Jonah Karam
75%
39. Kicking the Bucket Quasi-Suspect Jonah Karam
75%
55. Down to the Wire Suspect Jonah Karam
75%
8. Death in the Desert Quasi-Suspect Marina Romanova
75%
12. Die by the Sword Quasi-Suspect Marina Romanova
75%
20. Treacherous Waters Quasi-Suspect Marina Romanova
75%
31. Death Match Quasi-Suspect Marina Romanova
75%
39. Kicking the Bucket Quasi-Suspect Marina Romanova
75%
40. Diamond in the Rough Quasi-Suspect Marina Romanova
75%
2. Off with Their Heads Victim Annette Sommeur
63%
13. Moscow Mole Suspect Anya Ivanova
63%
17. Horseback Mountain Suspect Anya Ivanova
63%
18. Countdown to Murder Suspect Anya Ivanova
63%
54. Operation Spyfall Killer Anya Ivanova
63%
1. God Save the Prince Suspect Archibald Gilchrist
63%
4. Murder's Cheap Suspect Archibald Gilchrist
63%
6. The Impossible Dream Killer Archibald Gilchrist
63%
6. The Impossible Dream Suspect Armand Dupont
63%
56. The Darkest Hour Quasi-Suspect Armand Dupont
63%
12. Die by the Sword Quasi-Suspect Chief Ripley
63%
42. In Plain Sight Suspect Chief Ripley
63%
7. Murder by Proxy Killer Christy Mathis
63%
2. Off with Their Heads Killer Constantin Perrier
63%
1. God Save the Prince Suspect Count Rupert
63%
1. God Save the Prince Killer Enid Grimshaw
63%
2. Off with Their Heads Suspect Grace Goude
63%
47. Cheaters Never Win Suspect Hector Montoya
63%
55. Down to the Wire Killer Hector Montoya
63%
56. The Darkest Hour Quasi-Suspect Hector Montoya
63%
48. The King's Shadow Quasi-Suspect Ingrid Bjorn
63%
49. Day of the Dead Quasi-Suspect Ingrid Bjorn
63%
15. O Deadly Night Quasi-Suspect Lars Douglas
63%
22. Bloodywood Quasi-Suspect Lars Douglas
63%
23. Peace and Dead Quiet Quasi-Suspect Lars Douglas
63%
33. The Sweet Escape Quasi-Suspect Lars Douglas
63%
52. Double Trouble Quasi-Suspect Lars Douglas
63%
38. The Circle of Death Suspect Lavinia De Brills
63%
41. Going the Distance Killer Lavinia De Brills
63%
42. In Plain Sight Victim Lavinia De Brills
63%
32. A Stab in the Dark Suspect Michelle Zuria
63%
35. Six Feet Down Under Suspect Michelle Zuria
63%
36. Out of the Blue Suspect Michelle Zuria
63%
37. Crash and Burn Quasi-Suspect Michelle Zuria
63%
41. Going the Distance Quasi-Suspect Michelle Zuria
63%
44. Murder, He Wrote Quasi-Suspect Michelle Zuria
63%
48. The King's Shadow Victim Michelle Zuria
63%
13. Moscow Mole Suspect Natasha Romanova
63%
14. Only Truth Remains Quasi-Suspect Natasha Romanova
63%
16. Fast Track to Murder Suspect Natasha Romanova
63%
18. Countdown to Murder Suspect Natasha Romanova
63%
56. The Darkest Hour Victim Natasha Romanova
63%
26. Dead in the Water Suspect Obaasan
63%
28. Oh! Crazy Kill! Suspect Obaasan
63%
30. The Murder Games Killer Obaasan
63%
19. Bad Medicine Suspect Sanjay Korrapati
63%
22. Bloodywood Suspect Sanjay Korrapati
63%
24. Insides Out Suspect Sanjay Korrapati
63%
27. A Twist of Fate Suspect Sanjay Korrapati
63%
29. A Death Wish Suspect Sanjay Korrapati
63%
30. The Murder Games Suspect Sanjay Korrapati
63%
32. A Stab in the Dark Quasi-Suspect Sanjay Korrapati
63%
38. The Circle of Death Quasi-Suspect Sanjay Korrapati
63%
26. Dead in the Water Suspect SILVERee
63%
28. Oh! Crazy Kill! Suspect SILVERee
63%
30. The Murder Games Suspect SILVERee
63%
15. O Deadly Night Suspect Yelena Tereshkova
63%
17. Horseback Mountain Suspect Yelena Tereshkova
63%
18. Countdown to Murder Killer Yelena Tereshkova
63%
7. Murder by Proxy Victim Adam Hassan
50%
8. Death in the Desert Victim Donald Barnes
50%
11. The Parting Shot Killer Fiona Cummings
50%
43. Ice Rage Quasi-Suspect Grace Delaney
50%
13. Moscow Mole Killer Liam Hall
50%
8. Death in the Desert Killer Mama Yasmine
50%
3. Auf Wieder-Slain Suspect Mayor Nagel
50%
15. O Deadly Night Victim Nick Kringle
50%
4. Murder's Cheap Killer Nikolaos Costas
50%
1. God Save the Prince Victim Prince Albert
50%
50. Up in Smoke Suspect Sarah Bennett
50%
56. The Darkest Hour Killer Sarah Bennett
50%
4. Murder's Cheap Suspect The Oracle
50%
17. Horseback Mountain Killer Tsetseg
50%
19. Bad Medicine Suspect Warren Goodfellow
50%
21. Plagued by Death Suspect Warren Goodfellow
50%
24. Insides Out Killer Warren Goodfellow
50%
10. I Spy a Mummy Victim Afif Wahab
38%
37. Crash and Burn Killer Aristide Akintola
38%
48. The King's Shadow Killer Arsenio Castillo
38%
55. Down to the Wire Quasi-Suspect Arsenio Castillo
38%
19. Bad Medicine Suspect Arsha Raju
38%
22. Bloodywood Suspect Arsha Raju
38%
24. Insides Out Suspect Arsha Raju
38%
31. Death Match Suspect Baxter Fraser
38%
34. Speak, Friend, and Die Suspect Baxter Fraser
38%
36. Out of the Blue Suspect Baxter Fraser
38%
56. The Darkest Hour Suspect Baxter Fraser
38%
5. When Shadows Fall Suspect Cardinal Salieri
38%
6. The Impossible Dream Suspect Cardinal Salieri
38%
13. Moscow Mole Victim Darya Chernova
38%
4. Murder's Cheap Victim Demetrios Metaxas
38%
14. Only Truth Remains Killer Dmitri Lermontov
38%
10. I Spy a Mummy Suspect Jean Connerie
38%
54. Operation Spyfall Victim Jean Connerie
38%
52. Double Trouble Killer Joel Heller
38%
39. Kicking the Bucket Quasi-Suspect Lily Karam
38%
40. Diamond in the Rough Suspect Lily Karam
38%
41. Going the Distance Suspect Lily Karam
38%
2. Off with Their Heads Suspect Marcel Robin
38%
16. Fast Track to Murder Killer Nikita Rukhin
38%
4. Murder's Cheap Suspect Penelope the Rebel
38%
5. When Shadows Fall Victim Pietro Agnelli
38%
55. Down to the Wire Suspect Prince Rupert
38%
2. Off with Their Heads Suspect Sofia of Girona
38%
6. The Impossible Dream Suspect Sofia of Girona
38%
50. Up in Smoke Killer Terrance Williams
38%
1. God Save the Prince Suspect The Queen
38%
9. Killing Spring Killer Thomas Cox
38%
11. The Parting Shot Suspect Vanna Alabama
38%
53. Politically Incorrect Quasi-Suspect Vanna Alabama
38%
14. Only Truth Remains Suspect Agrafena Raskolnikova
25%
16. Fast Track to Murder Suspect Agrafena Raskolnikova
25%
18. Countdown to Murder Suspect Agrafena Raskolnikova
25%
52. Double Trouble Suspect Agrafena Raskolnikova
25%
48. The King's Shadow Suspect Alejandro Pratx
25%
32. A Stab in the Dark Killer Anbu Devanesan
25%
17. Horseback Mountain Victim Andrei Beloglazov
25%
8. Death in the Desert Suspect Anir Aznag
25%
12. Die by the Sword Victim Anir Aznag
25%
21. Plagued by Death Suspect Averly Worthington
25%
23. Peace and Dead Quiet Suspect Averly Worthington
25%
24. Insides Out Suspect Averly Worthington
25%
21. Plagued by Death Killer Ayush Patil
25%
17. Horseback Mountain Suspect Batbayar
25%
8. Death in the Desert Suspect Benjamin Scott
25%
9. Killing Spring Suspect Benjamin Scott
25%
12. Die by the Sword Suspect Benjamin Scott
25%
19. Bad Medicine Suspect Bodhi Green
25%
35. Six Feet Down Under Suspect Brice LeBeau
25%
36. Out of the Blue Killer Brice LeBeau
25%
31. Death Match Killer Chon Sansurin
25%
46. Total Eclipse of the Heart Killer Claudio Aguirre
25%
20. Treacherous Waters Victim Deepak Kumar
25%
48. The King's Shadow Suspect Doña Amarga
25%
19. Bad Medicine Victim Donna Sandover
25%
19. Bad Medicine Killer Dr Sumati Misra
25%
47. Cheaters Never Win Killer Edson Caetano
25%
29. A Death Wish Killer Emily Wallace
25%
51. Lifeless in Seattle Suspect Erin Bryant
25%
15. O Deadly Night Suspect Forrest Sugarcrystal
25%
3. Auf Wieder-Slain Suspect Gunther Fritz
25%
9. Killing Spring Victim Hamza Boussefi
25%
8. Death in the Desert Suspect Izzah Farid
25%
44. Murder, He Wrote Killer Lorena Pratx
25%
33. The Sweet Escape Killer Maya Salim
25%
14. Only Truth Remains Victim Mikhail Karamazov
25%
20. Treacherous Waters Suspect Om Padmasana
25%
21. Plagued by Death Quasi-Suspect Om Padmasana
25%
23. Peace and Dead Quiet Suspect Om Padmasana
25%
24. Insides Out Suspect Om Padmasana
25%
22. Bloodywood Victim Priya Joshi
25%
25. The Killer in the Rice Suspect Ronin Ozawa
25%
29. A Death Wish Suspect Ronin Ozawa
25%
30. The Murder Games Suspect Ronin Ozawa
25%
55. Down to the Wire Suspect Ronin Ozawa
25%
32. A Stab in the Dark Suspect Ruby Armstrong
25%
34. Speak, Friend, and Die Suspect Ruby Armstrong
25%
36. Out of the Blue Suspect Ruby Armstrong
25%
11. The Parting Shot Victim Seamus Cummings
25%
21. Plagued by Death Suspect Shweta Noorani
25%
53. Politically Incorrect Killer Sidney Hirsch
25%
5. When Shadows Fall Suspect Sister Beppa
25%
35. Six Feet Down Under Killer Veronica Salter
25%
22. Bloodywood Killer Vikram Joshi
25%
18. Countdown to Murder Victim Vitaly Borodin
25%
10. I Spy a Mummy Killer Zarah Salah
25%
25. The Killer in the Rice Killer Zhao Mei
25%
45. Shadow Nation Victim Adolfo Herrera
13%
20. Treacherous Waters Killer Amrita Kumar
13%
43. Ice Rage Killer Blair Carpenter
13%
34. Speak, Friend, and Die Suspect Bronwyn Peters
13%
32. A Stab in the Dark Victim Constance Tan
13%
23. Peace and Dead Quiet Suspect Druk
13%
14. Only Truth Remains Suspect Duchess Anastasia
13%
26. Dead in the Water Killer Ellen Morowitz
13%
44. Murder, He Wrote Victim Ernesto Cárpena
13%
27. A Twist of Fate Victim Fang Cheng
13%
27. A Twist of Fate Killer Fang Di Yun
13%
48. The King's Shadow Suspect George Pryce
13%
54. Operation Spyfall Suspect George Pryce
13%
40. Diamond in the Rough Suspect Goodwill Ngele
13%
21. Plagued by Death Suspect Gourav Gajendragadkar
13%
3. Auf Wieder-Slain Suspect Gretl Beutelspracher
13%
44. Murder, He Wrote Suspect Ignacio Muñoz
13%
48. The King's Shadow Suspect Ignacio Muñoz
13%
16. Fast Track to Murder Victim Ilya Tretyakov
13%
14. Only Truth Remains Suspect Ivan Vysotsky
13%
37. Crash and Burn Victim Jakobo Nkosi
13%
53. Politically Incorrect Suspect James Hewett
13%
55. Down to the Wire Victim Jason Stone
13%
53. Politically Incorrect Suspect Jean-Marc Bonneur
13%
34. Speak, Friend, and Die Killer Jermaine Waaka
13%
7. Murder by Proxy Suspect Jessica Stern
13%
11. The Parting Shot Suspect Jessica Stern
13%
46. Total Eclipse of the Heart Suspect Jorge Precio
13%
28. Oh! Crazy Kill! Killer Kang Dong-yun
13%
39. Kicking the Bucket Victim Kayla Pieterse
13%
39. Kicking the Bucket Killer Kwanele Mthembu
13%
52. Double Trouble Quasi-Suspect Leila Malak
13%
56. The Darkest Hour Suspect Leila Malak
13%
49. Day of the Dead Killer Madena Cuervo
13%
31. Death Match Suspect Marshall Metcalf
13%
33. The Sweet Escape Suspect Marshall Metcalf
13%
36. Out of the Blue Victim Marshall Metcalf
13%
49. Day of the Dead Quasi-Suspect Niilo Virtanen
13%
51. Lifeless in Seattle Quasi-Suspect Niilo Virtanen
13%
52. Double Trouble Victim Niilo Virtanen
13%
13. Moscow Mole Suspect Nikolai Sharapov
13%
15. O Deadly Night Suspect Nikolai Sharapov
13%
18. Countdown to Murder Suspect Nikolai Sharapov
13%
41. Going the Distance Victim Nomena Leroy
13%
38. The Circle of Death Killer Nyota Adhiambo
13%
53. Politically Incorrect Suspect Olivia Hewett
13%
56. The Darkest Hour Suspect Olivia Hewett
13%
40. Diamond in the Rough Killer Olivier Feraud
13%
6. The Impossible Dream Suspect Oracle Papadakis
13%
31. Death Match Suspect Orlando Weathers
13%
47. Cheaters Never Win Victim Oscar Rojas
13%
7. Murder by Proxy Quasi-Suspect Rafid Habadi
13%
33. The Sweet Escape Victim Riaja Somalinggi
13%
56. The Darkest Hour Suspect Rick Murray
13%
35. Six Feet Down Under Victim Rufus Murlock
13%
20. Treacherous Waters Suspect Sandeep Sadhra
13%
22. Bloodywood Suspect Sandeep Sadhra
13%
24. Insides Out Victim Sandeep Sadhra
13%
50. Up in Smoke Victim Sandy Turner
13%
9. Killing Spring Suspect Sultan Mahmoud
13%
11. The Parting Shot Suspect Sultan Mahmoud
13%
12. Die by the Sword Suspect Sultan Mahmoud
13%
21. Plagued by Death Victim Sunil Dhudwar
13%
14. Only Truth Remains Suspect Sveta Rasputina
13%
23. Peace and Dead Quiet Killer Tashi
13%
31. Death Match Victim Thanid Tongproh
13%
41. Going the Distance Suspect Thomas Moulin
13%
29. A Death Wish Quasi-Suspect Triplets
13%
30. The Murder Games Victim Tsukada Hiroshi
13%
16. Fast Track to Murder Suspect Vadim Efremov
13%
54. Operation Spyfall Suspect Vadim Efremov
13%
45. Shadow Nation Killer Valentina Silva
13%
51. Lifeless in Seattle Killer Virginia Purnell
13%
29. A Death Wish Victim Yuto Watanabe
13%
46. Total Eclipse of the Heart Victim Zoila Huanca
13%
33. The Sweet Escape Suspect Alam Somalinggi
0%
37. Crash and Burn Suspect Alex Lange
0%
5. When Shadows Fall Suspect Alonzo Conte
0%
46. Total Eclipse of the Heart Suspect Amaru Condor
0%
51. Lifeless in Seattle Suspect Ana Gutierrez
0%
25. The Killer in the Rice Suspect Aunty Hua
0%
27. A Twist of Fate Suspect Bai Bai
0%
25. The Killer in the Rice Suspect Blind Sen
0%
34. Speak, Friend, and Die Suspect Brett Darby
0%
32. A Stab in the Dark Suspect Brian Chua
0%
20. Treacherous Waters Suspect Charity Stern
0%
49. Day of the Dead Suspect Chico Alegria
0%
20. Treacherous Waters Suspect Chief Medhekar
0%
35. Six Feet Down Under Suspect Chockas D.Lux
0%
50. Up in Smoke Suspect Chockas D.Lux
0%
49. Day of the Dead Victim Cindy Hamilton
0%
40. Diamond in the Rough Suspect Clayton Rose
0%
38. The Circle of Death Suspect Damaris Maina
0%
32. A Stab in the Dark Suspect Darren Hong
0%
23. Peace and Dead Quiet Suspect Deki
0%
15. O Deadly Night Suspect Dominika Snegurochka
0%
44. Murder, He Wrote Suspect El Desesperado
0%
10. I Spy a Mummy Suspect Ellen Redfern
0%
43. Ice Rage Suspect Ernest Emerson
0%
6. The Impossible Dream Quasi-Suspect European Commissioner
0%
51. Lifeless in Seattle Suspect Evan Clarke
0%
44. Murder, He Wrote Suspect Evangelina Cárpena
0%
45. Shadow Nation Suspect Eva Reyes
0%
44. Murder, He Wrote Suspect Facundo Vidal
0%
9. Killing Spring Suspect Fatima Boussefi
0%
5. When Shadows Fall Suspect Fiora Tosca
0%
54. Operation Spyfall Suspect Forrest Hunt
0%
45. Shadow Nation Suspect Francisco Ramirez
0%
40. Diamond in the Rough Suspect Frida Cruz
0%
25. The Killer in the Rice Victim Guo Han
0%
22. Bloodywood Suspect Gurvinder Chowdhury
0%
28. Oh! Crazy Kill! Victim Gwak Sung-ho
0%
27. A Twist of Fate Suspect Hei Qian
0%
50. Up in Smoke Suspect Hunter McFarlane
0%
34. Speak, Friend, and Die Victim Jackson Peters
0%
39. Kicking the Bucket Suspect Jacob Gilbert
0%
37. Crash and Burn Suspect Jasmine Hart
0%
10. I Spy a Mummy Suspect Jawad Rashad
0%
43. Ice Rage Suspect Jazz Foster
0%
53. Politically Incorrect Victim Jonathan Stafford
0%
40. Diamond in the Rough Victim Jude Connelly
0%
43. Ice Rage Victim Julia Lloyd
0%
43. Ice Rage Suspect Kane Glazebrook
0%
52. Double Trouble Suspect Kara Naylon
0%
38. The Circle of Death Victim Kariuki Maina
0%
51. Lifeless in Seattle Victim Kelly Purnell
0%
11. The Parting Shot Suspect Khalid Al Zahrani
0%
50. Up in Smoke Suspect Laetitia Badu
0%
23. Peace and Dead Quiet Victim Lam Ugyen
0%
26. Dead in the Water Victim Li Jun
0%
26. Dead in the Water Suspect Li Ying
0%
49. Day of the Dead Suspect Lupita Mendez
0%
47. Cheaters Never Win Suspect Mãe Janaína de Iemanjá
0%
52. Double Trouble Suspect Maniitok Jones
0%
31. Death Match Suspect Maniwan Tongproh
0%
49. Day of the Dead Suspect Marvin Hamilton
0%
33. The Sweet Escape Suspect Mbah Tirta
0%
38. The Circle of Death Suspect Melvin Cheruiyot
0%
38. The Circle of Death Suspect Muthui Ndiritu
0%
37. Crash and Burn Suspect Ninah Zafy
0%
41. Going the Distance Suspect Ninah Zafy
0%
16. Fast Track to Murder Suspect Nina Rodionova
0%
13. Moscow Mole Suspect Oleg Chernov
0%
47. Cheaters Never Win Suspect Olga Chizhova
0%
28. Oh! Crazy Kill! Suspect Park Eun-ji
0%
37. Crash and Burn Suspect Patrick Bota
0%
33. The Sweet Escape Suspect Paul Irwin
0%
45. Shadow Nation Suspect Pedro Torres
0%
39. Kicking the Bucket Suspect Prince Abioye
0%
41. Going the Distance Suspect Prince Abioye
0%
28. Oh! Crazy Kill! Suspect Pyo Kun-woo
0%
53. Politically Incorrect Suspect Queen Mary III
0%
48. The King's Shadow Quasi-Suspect Ramon Cortez
0%
49. Day of the Dead Suspect Ramon Cortez
0%
51. Lifeless in Seattle Suspect Robert Hicks
0%
45. Shadow Nation Suspect Sebastian Morales
0%
43. Ice Rage Suspect Sharon Jeung
0%
46. Total Eclipse of the Heart Suspect Solstice Spirit
0%
29. A Death Wish Suspect Suzuki Sakura
0%
25. The Killer in the Rice Suspect Teacher Yang
0%
39. Kicking the Bucket Suspect Thembisile Ndlovu
0%
52. Double Trouble Suspect Travis Quaid
0%
27. A Twist of Fate Suspect Tsukada Chieko
0%
29. A Death Wish Suspect Tsukada Chieko
0%
30. The Murder Games Suspect Tsukada Chieko
0%
26. Dead in the Water Suspect Wang Fan
0%
35. Six Feet Down Under Suspect Warrin Mundine
0%
39. Kicking the Bucket Suspect Willem Nieuwoudt
0%
47. Cheaters Never Win Suspect Yamil Albarran
0%
No matching quizzes found
Score Distribution
Percent of People with Each Score
Percentile by Number Answered
Your Score History
You have not taken this quiz since the last reset